000 00634nam a22001937a 4500
003 OSt
005 20260202082135.0
008 260202b |||||||| |||| 00| 0 eng d
020 _a978-0-07-110166-0.
040 _aDWC-Main lib
_cOC
082 _28th edition
_aCirc. 150 F312u 2008
100 _aFeldman, Robert S.
245 _aUnderstanding Psychology
_cRobert S. Feldman
260 _aN. Y. :
_bMcGraw-Hill,
_cc2008.
300 _axliii, various paging :
_bcolored illustration ;
_c27 cm.
504 _aIncludes bibliographical references and index.
650 _a1. Psychology-Textbooks.
942 _2ddc
_cBK-CIRC
_e7th ed.
_kCirc.
_n0
999 _c8135
_d8135